A ringing glass : the life of Rainer Maria Rilke /

This is a biography of Rainer Maria Rilke (1875-1926), the 20th-century lyric poet, whose works - "the New Poems", the "Duino Elegies", "the Sonnets to Orpheus", and in prose the "Cornet" and the "Malte Laurids Brigge", are of lasting importance to E...

Full description

Bibliographic Details
Main Author: Prater, Donald A., 1918-
Format: eBook
Language:English
Published: Oxford [Oxfordshire] : New York : Clarendon Press ; Oxford University Press, 1986.
Series:UPSO - Oxford University Press E-Books.
Subjects:
Online Access:Connect to the full text of this electronic book

MARC

Tag First Indicator Second Indicator Subfields
LEADER 00000cam a2200000 a 4500
001 in00005704721
005 20260318175419.3
006 m o d
007 cr bn||||||abp
007 cr bn||||||ada
008 100321s1986 enkaf ob 001 0beng d
040 |a OCLCE  |b eng  |e pn  |c OCLCE  |d OCLCQ  |d OTZ  |d OCLCF  |d OCLCO  |d YDXCP  |d OCL  |d OCLCQ  |d STBDS  |d OCLCA  |d U3W  |d YOU  |d OCLCQ  |d CNTRU  |d AUD  |d OCLCQ  |d OCL  |d INARC  |d EZ9  |d LVT  |d OCLCQ  |d OCLCO  |d OCLCQ  |d OCLCL 
015 |a GB8538647  |2 bnb 
016 |a (AMICUS)000005509297 
019 |a 298039849  |a 967256746  |a 1056496705  |a 1086448863  |a 1097266114  |a 1102293544  |a 1135511545  |a 1151178869  |a 1198079905  |a 1200099369  |a 1229580851 
020 |a 9780191673405 
020 |a 0191673404 
020 |z 019815755X 
020 |z 9780198157557 
020 |z 0198158912  |q (pbk.) 
020 |z 9780198158912  |q (pbk.) 
035 |a (OCoLC)565027881  |z (OCoLC)298039849  |z (OCoLC)967256746  |z (OCoLC)1056496705  |z (OCoLC)1086448863  |z (OCoLC)1097266114  |z (OCoLC)1102293544  |z (OCoLC)1135511545  |z (OCoLC)1151178869  |z (OCoLC)1198079905  |z (OCoLC)1200099369  |z (OCoLC)1229580851 
042 |a dlr 
050 4 |a PT2635.I65  |b Z836 1986 
082 0 4 |a 831/.912  |2 19 
082 0 4 |a B  |2 19 
084 |a 18.09  |2 bcl 
084 |a 18.10  |2 bcl 
049 |a TXAM 
100 1 |a Prater, Donald A.,  |d 1918-  |1 https://id.oclc.org/worldcat/entity/E39PBJc3KVthVF6Gg8hYxFgR8C 
245 1 2 |a A ringing glass :  |b the life of Rainer Maria Rilke /  |c Donald Prater. 
260 |a Oxford [Oxfordshire] :  |b Clarendon Press ;  |a New York :  |b Oxford University Press,  |c 1986. 
300 |a 1 online resource (xvi, 472 pages, 16 unnumbered pages of plates) :  |b illustrations 
336 |a text  |b txt  |2 rdacontent 
337 |a computer  |b c  |2 rdamedia 
338 |a online resource  |b cr  |2 rdacarrier 
504 |a Includes bibliographical references (pages 450-457). 
500 |a Includes indexes. 
538 |a Master and use copy. Digital master created according to Benchmark for Faithful Digital Reproductions of Monographs and Serials, Version 1. Digital Library Federation, December 2002.  |u http://purl.oclc.org/DLF/benchrepro0212  |5 MiAaHDL 
583 1 |a digitized  |c 2010  |h HathiTrust Digital Library  |l committed to preserve  |2 pda  |5 MiAaHDL 
588 0 |a Print version record. 
520 8 |a This is a biography of Rainer Maria Rilke (1875-1926), the 20th-century lyric poet, whose works - "the New Poems", the "Duino Elegies", "the Sonnets to Orpheus", and in prose the "Cornet" and the "Malte Laurids Brigge", are of lasting importance to European literature 
600 1 0 |a Rilke, Rainer Maria,  |d 1875-1926. 
600 1 7 |a Rilke, Rainer Maria,  |d 1875-1926.  |2 fast  |0 (OCoLC)fst00033946  |1 https://id.oclc.org/worldcat/entity/E39PBJjdjJ8RrVkRCFfVqGwwG3 
650 0 |a Authors, German  |y 20th century  |v Biography. 
650 6 |a Écrivains allemands  |y 20e siècle  |v Biographies. 
650 7 |a Authors, German.  |2 fast  |0 (OCoLC)fst00822051 
648 7 |a 1900-1999  |2 fast 
653 |a Poetry in German  |a Rilke, Rainer Maria - Biographies 
655 7 |a Electronic books.  |2 local 
655 7 |a collective biographies.  |2 aat 
655 7 |a Biographies.  |2 fast  |0 (OCoLC)fst01919896 
655 7 |a Biographies.  |2 lcgft 
655 7 |a Biographies.  |2 rvmgf 
776 0 8 |i Print version:  |a Prater, Donald A., 1918-  |t Ringing glass.  |d Oxford [Oxfordshire] : Clarendon Press ; New York : Oxford University Press, 1986  |w (DLC) 85007830  |w (OCoLC)11969774 
830 0 |a UPSO - Oxford University Press E-Books. 
856 4 0 |u http://proxy.library.tamu.edu/login?url=https://academic.oup.com/book/6314  |z Connect to the full text of this electronic book  |t 0 
955 |a Oxford Scholarship Online 
994 |a 92  |b TXA 
999 f f |i 3943b6f1-0900-4882-8dd6-0844a106ef00  |s 46324a9d-cf7d-4f54-9647-2ad981c8b254  |t 0 
952 f f |a Texas A&M University  |b College Station  |c Electronic Resources  |s www_evans  |d Available Online  |t 0  |e PT2635.I65 Z836 1986  |h Library of Congress classification 
998 f f |a PT2635.I65 Z836 1986  |t 0  |l Available Online